000 00576nam a2200193Ia 4500
003 LDD
008 181029s9999 xx 000 0 und d
020 _a9788175332287
_c795.00
040 _cLDD
100 _aTiwary, Chandra Sekhar
245 0 _aReligion
_bAn obstacle to human progress
_cChandra Sekhar Tiwary
260 _aNew Delhi
_bMD Publications
_c2009
300 _a287p,
365 _b795.00
901 _a5442
_b11-12-2009
902 _aSBS/557/D/09
_b30-12-2009
_cF
_dSBS
_eCBCI
903 _aDiscount-15
_bReqst by : Gracious Thomas
942 _2ddc
_cBK
999 _c88528
_d88528